Science Quiz

Random Science or Elements Quiz

Double Letter Science Quiz Stats

 Plays Quiz Updated Jun 19, 2017

Challenge
Share
Tweet
Embed
Score 0/27 Timer 07:00
2 Plays Today
% Correct
Milli
55.2%
Beryllium
49.1%
Patella
45%
Copper
43.5%
Yttrium
41.4%
Potassium
40.6%
Gallium
37.4%
Ytterbium
34.1%
Palladium
31.7%
Thallium
27.8%
Coccyx
27%
Maxilla
20.5%
Sagittarius
20.2%
Sagitta
19.7%
% Correct
Tellurium
19.7%
Cassiopeia
19.3%
Hassium
19.1%
Tennessine
14.1%
Occipital
13.5%
Oganesson
12.9%
Yotta
11.5%
Malleus
11.3%
Atto
11.3%
Zetta
8.9%
Boötes
6.4%
Equuleus
3.6%
Puppis
3.6%

You're not logged in!

Compare scores with friends on all Sporcle quizzes.
OR
Log In

You Might Also Like...

Show Comments

Extras

Top Quizzes Today


Score Distribution

Your Account Isn't Verified!

In order to create a playlist on Sporcle, you need to verify the email address you used during registration. Go to your Sporcle Settings to finish the process.

Report this User

Report this user for behavior that violates our Community Guidelines.

Details: